Statistics for Title in the Lyrics - Metal songs

Click here to take the quiz!

General Stats

  • This quiz has been taken 26 times
  • The average score is 6 of 15

Answer Stats

Lyrics % Correct
{Du} {hast} mich gefragt und ich hab nichts gesagt
90%
Six six six {the} {number} {of} {the} {Beast} / Hell and fire was spawned to be released
81%
I don't share your greed, the only card I need is the {ace} {of} {spades}
67%
{Holy} {Diver} You've been down too long in the midnight sea / Oh what's becoming of me?
62%
I am a world before I am a man / I was a creature before I could stand / I will remember {before} {I} {forget}
43%
So let it be written / So let it be done / To kill the first born Pharaoh son / I'm {creeping} {death}
43%
Eating seeds as a pastime activity The {toxicity} of our city, of our city
43%
Dig through the ditches / And burn through the witches / I slam in the back of my {Dragula}
38%
Which one of these words don't you understand / I'm {caught} {in} {a} {mosh}! / Talking to you is like clapping with one hand
24%
Show the world that love is still alive, you must be brave / Or you children of today are {Children} {of} {the} {grave}, yeah!
24%
It's been slow down below / Aimed at you, we're the {cowboys} {from} {hell}
24%
Get up, come on get {down} {with} {the} {sickness} / Open up your hate and let it flow into me
19%
We feel the pain of a lifetime lost in a thousand days / {Through} {the} {fire} {and} {the} {flames} we carry on
14%
Out there is a fortune waiting to be had / If you think I'll let you go you're mad / {You've} {got} {another} {thing} {comin'}
10%
{Pull} {me} {under} I'm not afraid / All that I feel is honor and spite / All I can do is set it right
10%

Score Distribution

Percentile by Number Answered

Percent of People with Each Score

Your Score History

You have not taken this quiz